| 000 | | | 04761cbm0a2200301#x 450 |
| 001 | | | 3c042553-cfd6-4e8c-b23d-5c01b57e072e |
| 005 | | | 20250522132959.0 |
| 100 | ## | $a | 20250522j19430908k###0rusy50 ca |
| 101 | 0# | $a | rus |
| 102 | ## | $a | RU |
| 105 | ## | $a | y###z######## |
| 122 | 0# | $a | d19430908## |
| 200 | 1# | $a | Постановление ГКО СССР № 4066 о разрешении Моссовету увеличить мощность ламп в светомаскировочном освещении улиц Москвы до 25 Вт, с приложением докладной записки Пронина В. П. Молотову В. М. |
| | $j | 8 сентября 1943 г. |
| 251 | ## | $c | Документ |
| 300 | ## | $a | Рассылочный и подлинный экземпляры |
| 461 | #0 | $1 | 2001 |
| | $a | Ф. 644 |
| | $1 | 251 |
| | $c | Фонд |
| | $1 | 852 |
| | $j | 644 |
| 462 | #0 | $1 | 2001 |
| | $a | Оп. 1 |
| | $1 | 251 |
| | $c | Опись |
| | $1 | 852 |
| | $j | 1 |
| 601 | 01 | $2 | nlr_sh |
| | $3 | RU\NLR\AUTH\661357733 |
| | $a | СССР |
| | $b | Государственный Комитет Обороны |
| | $x | История |
| | $j | Документы и материалы |
| 605 | ## | $2 | prlib_sh |
| | $3 | LIBNET\UAF\0000088514 |
| | $a | Вторая мировая война в архивных документах (Комплекс оцифрованных архивных документов, кино- и фотоматериалов) |
| | $l | коллекция |
| 605 | ## | $2 | acquisition_Prlib |
| | $3 | DITM\AF\0000002775 |
| | $a | Власть |
| | $l | коллекция |
| 606 | 1# | $2 | nlr_sh |
| | $3 | RU\NLR\AUTH\66176862 |
| | $a | Великая Отечественная война |
| | $z | 1941 - 1945 |
| | $y | Москва, город |
| | $j | Документы и материалы |
| 606 | 1# | $2 | nlr_sh1 |
| | $3 | RU\NLR\AUTH\66990424 |
| | $a | Светомаскировка(противовоздушная оборона) |
| | $y | Москва, город |
| | $j | Документы и материалы |
| 686 | ## | $a | 63.3(2-2Москва)622,12ю1 |
| | $v | LBC/M |
| | $2 | rubbk |
| 801 | #0 | $a | RU |
| | $b | ПБ им. Б.Н. Ельцина |
| | $c | 20250522 |
| 801 | #1 | $a | RU |
| | $b | ПБ им. Б.Н. Ельцина |
| | $c | 20250522 |
| | $2 | rusmarc |
| 801 | #2 | $a | RU |
| | $b | ПБ им. Б.Н. Ельцина |
| | $c | 20250522 |
| | $2 | rusmarc |
| 850 | ## | $a | Российский государственный архив социально-политической истории |
| 852 | ## | $a | РГАСПИ |
| | $j | Д. 150. Л. 66-66об.; Оп. 2. Д. 212. Л. 107-108 |
| 035 | ## | $a | LIBNET\0001475109 |
| 937 | ## | $d | 196751058 |
| | $h | Федеральное архивное агентство |
| 856 | 4# | $u | http://readingroom.main.prlib.ru/item.aspx?id_node=n196751058&mode=full |